Kreatívna robotika rozhranie medzi digitálnym a fyzickým svetom

Bibliographic Details
Main Authors: Kanócz, Ján, 1956- (Author), Uhrín, Tibor, 1966- (Author), Koban, Juraj, 1956- (Author), Vaitovič, Boris, 1976- (Author), Mihaľák, Michal, 1982- (Author), Karľa, Viktor, 1988- (Author)
Format: Book
Language:Slovak
PhysicalDescription:110 strán farebné fotografie a ilustrácie, schémy 30 cm
Published: Košice Technická univerzita v Košiciach, Fakulta umení 2023
ISBN:9788055343686
Edition:Vydanie: prvé
Series:Edícia vzdelávacích publikácií - skriptum
Subjects:

MARC

LEADER 00000cam a2200000 4500
001 vtls012252504
003 SK-MaSNL
005 20260301205857.0
008 240312s2023 xo aol frnp 000 0 slo
015 |a SNBA2024/06 
020 |a 9788055343686  |q (brožované) 
040 |a SNK  |b slo  |c SNK  |e rda 
041 0 |a slo 
044 |a xo  |c SK 
072 7 |a 007  |x Teória systémov. Automatické systémy. Kybernetika. Informačné systémy  |2 konspekt 
072 7 |a 37.016  |x Učebné osnovy. Vyučovacie predmety. Učebnice  |2 konspekt 
080 |a 007.52  |2 2011 
080 |a 316.774:004.9  |2 2011 
080 |a 004-027.22  |2 2011 
080 |a 338.4:7.05  |2 2011 
080 |a (075.8)  |2 2011 
080 |a 7.05  |2 2011 
100 1 |a Kanócz, Ján,  |d 1956-  |4 aut  |9 30537 
245 1 0 |a Kreatívna robotika  |b rozhranie medzi digitálnym a fyzickým svetom  |c Ján Kanócz, Tibor Uhrín, Juraj Koban, Boris Vaitovič, Michal Mihaľák, Viktor Karľa 
250 |a Vydanie: prvé 
264 1 |a Košice  |b Technická univerzita v Košiciach, Fakulta umení  |c 2023 
300 |a 110 strán  |b farebné fotografie a ilustrácie, schémy  |c 30 cm 
336 |a text  |b txt  |2 rdacontent 
336 |a statický obraz  |b sti  |2 rdacontent 
337 |a bez média  |b n  |2 rdamedia 
338 |a zväzok  |b nc  |2 rdacarrier 
366 |e 50 kusov 
490 1 |a Edícia vzdelávacích publikácií - skriptum 
500 |a Obsahuje poznámky pod čiarou 
504 |a Obsahuje bibliografiu za niektorými sekciami a bibliografické odkazy 
650 0 7 |a robotika  |2 SNKPH  |9 15115 
650 0 7 |a digitálne médiá  |2 SNKPH  |9 205955 
650 0 7 |a digitálne technológie  |2 SNKPH  |9 67495 
650 0 7 |a kreatívny priemysel  |2 SNKPH  |9 26939 
650 0 7 |a Robotics  |2 SNKPHeng  |9 319768 
650 0 7 |a Digital media  |2 SNKPHeng  |9 275899 
650 0 7 |a Digital technologies  |2 SNKPHeng  |9 274756 
650 0 7 |a Creative industries  |2 SNKPHeng  |9 372429 
650 0 7 |a dizajn  |2 SNKPH  |9 762 
650 0 7 |a Design  |2 SNKPHeng  |9 267116 
655 7 |a učebnice vysokých škôl  |2 SNKPH  |9 70191 
655 7 |a Textbooks (higher)  |2 SNKPHeng  |9 276436 
700 1 |a Uhrín, Tibor,  |d 1966-  |4 aut  |9 104464 
700 1 |a Koban, Juraj,  |d 1956-  |4 aut  |9 103717 
700 1 |a Vaitovič, Boris,  |d 1976-  |4 aut  |9 360138 
700 1 |a Mihaľák, Michal,  |d 1982-  |4 aut  |9 592606 
700 1 |a Karľa, Viktor,  |d 1988-  |4 aut  |9 592607 
710 2 |a Technická univerzita v Košiciach.  |b Fakulta umení  |4 pbl  |9 119614 
810 2 |a Technická univerzita v Košiciach.  |b Fakulta umení  |t Edícia vzdelávacích publikácií - skriptum  |9 592608 
852 |a Slovenská národná knižnica 
919 |a 978-80-553-4368-6 
954 |a odborná, vedecká literatúra pôvodná (slovenská)  |2 lita 
958 |a NB 
999 |c 911759  |d 913689 
952 |a SNK  |b SNK  |y PREZ  |7 0  |p 17A1547400  |o snkSB 100332  |i snk2024/7475  |8 0  |0 0  |1 0  |4 0  |d 2024-05-10  |f 1  |l 0  |r 2025-05-19 00:00:00  |w 2026-02-24